000
00244nam a22001217a 4500
020
_a
9780760072760
041
_a
eng
080
_a
62
090
_b
ADA
100
_a
Adamski, Judy.
245
_a
E-Course: Microsoft Windows 98.
999
_c
282038
_d
282038
942
_c
BK